Fictional Cities Quiz - Statistics

General Stats
  • This quiz has been taken 27 times
  • The average score is 4 of 16
Answer Stats
City Name Anime/Manga Title % Correct
Marineford One Piece
88%
Gravity Falls, OR Gravity Falls
58%
Amegakure Naruto
58%
Raccoon City Resident Evil
38%
Yorknew City Hunter X Hunter
33%
Morioh-Cho JoJo's Bizarre Adventure
29%
Rapture Bioshock
21%
Night City Cyberpunk 2077
21%
Aincrad Sword Art Online
17%
Central City Dragon Ball Z
13%
Hallownest Hollow Knight
13%
Domino City Yu-Gi-Oh!
13%
Death City Soul Eater
8%
Bright Falls, WA Alan Wake
4%
Svártalfaheimr God of War
4%
Stilt Village Dead Cells
0%
No matching quizzes found
Score Distribution
Percent of People with Each Score
Percentile by Number Answered
Your Score History
You have not taken this quiz